000 00214 a2200097 4500
001 52654
100 _aShooman M L
245 _aSoftware Engineering
260 _aNew York
_bMcGraw Hill
_c
090 _c33124
_d33124
942 _aNUST-CAE
_cM
_c25697
999 _c287727
_d287727